MDQL
is popping MORE tags! Check the
thread
!
Quizzes
Events
Quiz Creation
Community
Videos
Private Events
Remove Ads
Sign In
Join for FREE
Feedback
Dark Mode
Quiz Categories
Sports
Geography
Music
Movies
Television
Just For Fun
Miscellaneous
History
Literature
Language
Science
Gaming
Entertainment
Religion
Holiday
For Kids
Quiz Lab
Recent
Popular Today
Quiz Kudos Today
Editor Picks
Curator Picks
Quizzes by...
Day
Popularity
Type
Ratings
Length
Year
Community
Subscriptions
Recent Discussions
Orange Saloon
Badges
Playlists
Quests
Create
Leaderboards
Showdown
Live 5
Trivia Bingo
Activity
Puzzle Library
Sporcle Events
Private Events
Virtual Trivia
Globe League
Become a Host
Pub Owners
SporcleCon
Opinionation
Our Games
Videos
Blog
Mobile Apps
Partnerships
Remove Ads and Go Orange
Feedback
Sports
Athletes
MLB
NBA
NHL
NFL
Soccer
Sports Teams
WWE
NCAA
Football
Premier League
Basketball
Baseball
Hockey
Golf
Tennis
Cricket
Rugby
Auto Racing
Olympics
World Cup
Sports
Athletes
MLB
NBA
NHL
NFL
Soccer
Sports Teams
WWE
NCAA
Football
Premier League
Basketball
Baseball
Hockey
Golf
Tennis
Cricket
Rugby
Auto Racing
Olympics
World Cup
Random Quiz
Search Sporcle
×
Quiz Lab
Quiz Lab
Sports
Athletes
Type in answers that appear in a list
Type in answers that appear in a list
Classic
Best Score? Go Orange.
Athlete's Names in Other Words Stats
Can you name the Athlete's Names in Other Words ?
By
Rays567NDL
12m
50 Questions
147 Plays
147 Plays
147 Plays
Comments
Comments
Give Quiz Kudos
Give Quiz Kudos
-
- Ratings
hide this ad
More Info
Replay
Link that replays current quiz
Next Quiz
Link to next quiz in quiz playlist
You Got
0%
They Got
Avg Score
18%
Avg Friend Score
Upgrade to see
Score Distribution
Jump to the score distribution portion of the page
Score
0/50
Timer
12:00
0
Plays Today
First Name
Athlete
% Correct
Wildcat
Tiger Woods
58.5%
What you wear around your neck
Ty Cobb
44.9%
Hawiian Pole Art
Tiki Barber
38.8%
Infant or what a teenage male calls his girlfriend
Babe Ruth
38.1%
I+What the Dentist Tells You to Say
Mia Hamm
34.7%
Male Turkey
Tom Brady
33.3%
Stress Relieving Activity -
I + A
Yogi Berra
31.3%
Hello+Porch+Fifth Letter of the Alphabet
Hideki Matsui
31.3%
Illustrated
Drew Brees
30.6%
Toilet+Fifth Letter of the Alphabet
Johnny Damon
28.6%
Famous Mouse
Mickey Mantle
28.6%
_
_
_
_
_
Seinfeld
Jerry Rice
27.9%
Electric Equatic Animal+Self Pronoun
Eli Manning
25.2%
Your Work+First Letter of the Alphabet
Joba Chamberlain
24.5%
You+Not Crazy
Usain Bolt
23.8%
Son of a King
Prince Fielder
22.4%
Part of a Car _
_
_
_
_
Plug+Fifth Letter of the Alphabet
Sparky Lyle
21.8%
Steal+Not Out+Male Equivalent of Daughter
Robinson Cano
21.1%
Part of a Car _
_
_
_
_
Plug+Fifth Letter of the Alphabet
Sparky Anderson
19.7%
Vehicle You Drive In+L in L.A.
Carlos Beltran
19.7%
Capital of Texas
Austin Jackson
19%
To Wed+Last Two Syllables of a Pepridge Farm Cookie
Mariano Rivera
18.4%
A Place To Work Out
Jim Rice
18.4%
Urine+French for Yes
Pee Wee Reese
17%
Liquid Dairy Product+Fifth Letter of the Alphabet
Melky Cabrera
16.3%
First Name
Athlete
% Correct
What you step on when you enter a house
Matt Holliday
16.3%
To Give Money to+2,000 Pounds
Peyton Manning
16.3%
Opposite of Night+Abbreviation for Audio's Counterpart
David Wright
15.6%
Shortest Gospel
Mark Teixeira
14.3%
Type of Limb+In Addition To+Fifteenth Letter of The Alphabet
Armando Galarraga
13.6%
In Addition To+ Fifth Letter of the Alphabet
Andy Pettite
12.9%
Vehicle You Drive In+L in L.A.
Carlos Delgato
12.9%
To Wither or Fade Away
Wilt Chamberlain
11.6%
To Just Hit the Corner of
Nick Johnson
10.9%
One of The Largest City in Texas
Dallas Braden
10.2%
To Just Hit the Corner of
Nick Swisher
10.2%
Jimmy Neutrons Fat Friend+2000 Pounds
Carlton Palmer
9.5%
'You Can Call Me _
_
'+ Divorcee
Alex Rodriguez
9.5%
What You Use to Wash a Car+What Follows a Canadian Person's Questions
Jose Reyes
8.8%
Impolite+Present Tense of Was
Curtis Granderson
8.2%
Recently Arrived
Justin Upton
8.2%
Male Shoulder Bag
Satchel Paige
7.5%
What Noise You Make When You are Relaxing
Cy Young
7.5%
Opposite of Night+Abbreviation for Audio's Counterpart
David Beckham
6.8%
Soil or Dirt+ Directly Above
Landon Donavan
5.4%
Slang for Hi+What is at the End of One of Your Limbs
Johan Santana
4.8%
Shortest Gospel+We
Marcus Thames
4.1%
Form of Bread+Another English Article
Ryan Braun
2%
Shortest Gospel
Mark Buehrle
2%
Form of Bread+Another English Article5
Ryan Sandburg
1.4%
Quiz Playlist
Details
Report
Send in Message
Add To Playlist
More Info:
Baseball Centric I'm Warning You
Classic:
Type in answers that appear in a list
Last Updated: Feb 16, 2017
Quiz Scoreboard
CHALLENGE
Sign Up to Join the Scoreboard
Show All
Scores
Hide
Comments
May contain spoilers
Recently Published
Find the 'City' Movie
by crazypaving
Movies
60s
5x2 Blitz: Bands
by SL_Kpop136
Music
30s
Colored Red Africa Blitz
by spor1
Geography
30s
More to Explore
Quiz From the Vault
Featured Blog Post
14 Easter Pick-up Lines to Find Eggs With
hide this ad
You Might Also Like...
Tags
Athletes Quiz
In Other Words
last
Today's Top Quizzes in Sports
Browse Sports
hide this ad
Today's Top Quizzes in Athletes
Browse Athletes
Top Contributed Quizzes in Sports
1
Players with Multiple 50 Home Run Seasons
2
Criteria MLB: Left Handed Sluggers
3
MLB Players with Two .350 Batting Average Seasons
4
Who Hit More Homers?
5
Premier League Clubs since 2000 (minefield)
6
Who Needs Fielders?
7
2020 F1 Drivers Logic Puzzle
8
Les entraîneurs de l'OM et du PSG au 21e siècle
9
Top 10 NHL Goal Scorers of All Time
10
MLB Hall of Famer by Rings
Explore More
Trending Topics
Crossword
NBA
Anime
Kpop
Disney
Marvel
Harry Potter
NFL
Country
WWE
Soccer
The Office
Puzzle
Pokémon
Song
hide this ad
More By:
Rays567NDL
Quiz
Plays
Rating
Category
Featured
Created
Click 1, 200 Times in One Minute
3,091
2.23
Just For Fun
May 16, 2010
COD MW2 Kill Streak Rewards
623
2.00
Gaming
May 8, 2010
Months and Number of Days in Months Blitz
478
2.80
Miscellaneous
May 8, 2010
Palindrome Words
363
3.29
Just For Fun
May 8, 2010
MLB Teams Alphabetically by Name
207
5.00
Sports
May 8, 2010
Go to Creator's Profile
Score Distribution
Quiz Creator Spotlight
Rays567NDL
Follow
Send a Message
Quizzes Created
-
Created Quiz Play Count
-
More By This Creator
Popular Quizzes Today
1
Colored Red Africa Blitz
2
Find the 'City' Movie
3
5x2 Blitz: Bands
4
Find the US States - No Outlines Minefield
5
The Countries of the World
6
Find the US States
7
US States
8
9x9 Crossword: Cartoon Network
More Sports Quizzes
NFL Team QB Passing TD Leaders (Career)
Published
Trending Quizzes
Colored Red Europe Blitz I
Colored Red Africa Blitz II
Colored Red Europe Blitz II
Colored Red Europe Blitz III
Colored Red Africa Blitz III
Recently Updated
Famous TV Couples
Peacemaker
Champions League XIs: Real Madrid
pecheneg
Largest US Cities 1790-2010
pecheneg
Rides in Walt Disney World
pecheneg
Most Oscar Losses (Acting)
pecheneg
Beyoncé Albums
pecheneg
Leaping Animals
pecheneg
Reality TV Shows (A-Z)
bhenderson79
Rickey Henderson's Hall of Fame Teammates
pecheneg
Champions League XIs: Arsenal
pecheneg
Trending Topics
Disney
NBA
Crossword
Kpop
Harry Potter
Anime
Marvel
NFL
Pokémon
Song
Country
The Office
WWE
Soccer
Puzzle
Your Account Isn't Verified!
In order to create a playlist on Sporcle, you need to verify the email address you used during registration. Go to your
Sporcle Settings
to finish the process.
Report this User
Report this user for behavior that violates our
Community Guidelines
.
Details:
Send Report
Go to the Sporcle.com Mobile Site →
Comments